[Event "Dortmund ABC Serie B-24"]
[Site "Dortmund"]
[Date "2005.12.02"]
[Round "12"]
[White "Mueller, Siegfried"]
[Black "Thavarajah, Sutharjan"]
[Result "1-0"]
[WhiteElo "1436"]
[BlackElo "1351"]
[PlyCount "101"]
[EventDate "2005.10.12"]
[EventType "tourn"]
[EventRounds "13"]
[EventCountry "GER"]
[SourceTitle "EXT 2007"]
[Source "ChessBase"]
[SourceDate "2006.11.23"]
[SourceVersion "1"]
[SourceVersionDate "2006.11.23"]
[SourceQuality "1"]

1. d4 Nf6 2. c4 e6 3. Nc3 Be7 4. Nf3 0-0 5. Bf4 c6 6. e3 d5 7. cxd5 cxd5 8. Bd3 Nc6 9. a3 Nh5 10. Bg3 a6 11. b4 b5 12. Rc1 Nxg3 13. hxg3 f5 14. Ne2 Nxb4 15. axb4 Bxb4+ 16. Nd2 Bd6 17. 0-0 Bd7 18. Nb3 Rf6 19. Nc5 Bxc5 20. Rxc5 Rc8 21. Qc2 Rf8 22. Rc1 g5 23. g4 a5 24. Rxc8 Qxc8 25. Qxc8 Rxc8 26. Rxc8+ Bxc8 27. Bxb5 fxg4 28. Nc1 Kf7 29. Nb3 e5 30. Nxa5 exd4 31. exd4 Kf6 32. Bd3 Bf5 33. Bxf5 Kxf5 34. Kf1 Ke4 35. Nb3 Kd3 36. Ke1 Kc3 37. Nc5 Kxd4 38. Ne6+ Kc3 39. Nxg5 h6 40. Ne6 Kc2 41. Nf4 d4 42. Ke2 h5 43. g3 Kc3 44. Kd1 d3 45. Nxh5 Kd4 46. Nf6 Ke5 47. Nxg4+ Ke4 48. Ne3 Kf3 49. Ke1 Ke4 50. g4 Kf4 51. Kd2 1-0

[Event "Dortmund ABC Serie A-21"]
[Site "Dortmund"]
[Date "2004.05.18"]
[Round "6"]
[White "Gennat, Egon Leopold"]
[Black "Thavarajah, Sutharjan"]
[Result "1-0"]
[WhiteElo "1379"]
[BlackElo "1400"]
[PlyCount "79"]
[EventDate "2004.04.21"]
[EventType "tourn"]
[EventRounds "11"]
[EventCountry "GER"]
[SourceTitle "EXT 2006"]
[Source "ChessBase"]
[SourceDate "2005.11.24"]
[SourceVersion "1"]
[SourceVersionDate "2005.11.24"]
[SourceQuality "1"]

1. c4 Nf6 2. Nc3 d5 3. cxd5 Nxd5 4. Nf3 c6 5. e4 Nf4 6. d4 Ng6 7. Bc4 Bg4 8. d5 Bxf3 9. Qxf3 Ne5 10. Qe2 Nxc4 11. Qxc4 cxd5 12. Nxd5 Na6 13. Bd2 e6 14. Qb5+ Qd7 15. Qxd7+ Kxd7 16. Nc3 Bb4 17. 0-0 Rhd8 18. Rfd1 h6 19. Bxh6+ Ke8 20. Bxg7 Bxc3 21. Bxc3 Nc5 22. Rxd8+ Rxd8 23. f3 Ke7 24. Kf1 Nd3 25. g3 f6 26. Rd1 Ne5 27. Rxd8 Kxd8 28. Bxe5 fxe5 29. g4 Ke8 30. h4 Kf7 31. Ke2 a6 32. Ke3 Kg6 33. f4 exf4+ 34. Kxf4 Kf6 35. e5+ Kg6 36. h5+ Kh6 37. b4 b5 38. a3 Kg7 39. Kg5 Kf7 40. h6 1-0

[Event "Dortmund ABC Serie A-21"]
[Site "Dortmund"]
[Date "2004.05.07"]
[Round "4"]
[White "Thavarajah, Sutharjan"]
[Black "Krueger, Inge"]
[Result "0-1"]
[WhiteElo "1400"]
[BlackElo "1317"]
[PlyCount "128"]
[EventDate "2004.04.21"]
[EventType "tourn"]
[EventRounds "11"]
[EventCountry "GER"]
[SourceTitle "EXT 2006"]
[Source "ChessBase"]
[SourceDate "2005.11.24"]
[SourceVersion "1"]
[SourceVersionDate "2005.11.24"]
[SourceQuality "1"]

1. d4 d5 2. Nf3 e6 3. e3 Nf6 4. Bd3 Be7 5. 0-0 0-0 6. Nbd2 Nbd7 7. Qe2 h6 8. e4 dxe4 9. Nxe4 Nxe4 10. Qxe4 Nf6 11. Qe2 Re8 12. c3 Bd6 13. Ne5 Re7 14. Ng4 Nxg4 15. Qxg4 e5 16. Qe4 f5 17. Qd5+ Kh8 18. Re1 c6 19. Qb3 exd4 20. Rxe7 Qxe7 21. Bd2 Be6 22. Qd1 dxc3 23. Bxc3 Re8 24. Qh5 Bf4 25. Bxf5 Bxf5 26. Qxf5 Bg5 27. Qa5 b6 28. Qf5 Bf6 29. Qc2 c5 30. Kf1 Bxc3 31. Qxc3 Qe2+ 32. Kg1 Rf8 33. f3 Re8 34. a4 Re3 35. Qc1 Rd3 36. Qf1 Qe3+ 37. Kh1 Qd4 38. Qc1 Rd2 39. b3 Qf2 40. Qg1 Qxg1+ 41. Kxg1 Rb2 42. Ra3 g5 43. h3 Kg7 44. Kh2 Kf6 45. Kg3 Kf5 46. a5 b5 47. a6 h5 48. h4 gxh4+ 49. Kxh4 Rxg2 50. Ra5 Kf4 51. Kxh5 c4 52. Rxb5 c3 53. Rc5 c2 54. Rc3 Rf2 55. b4 Kg3 56. b5 Rxf3 57. Rxc2 Rf5+ 58. Kg6 Rxb5 59. Rc3+ Kf4 60. Rc4+ Ke5 61. Rc6 Ra5 62. Kf7 Kd5 63. Re6 Ra3 64. Ke8 Kxe6 0-1